000 00394nam a2200133Ia 4500
008 100328s9999 xx 000 0 und d
082 _b63035
100 _aबोरकर कमलाकर.
245 _aबाळा जो जो रे.
260 _bत्रिदल.
630 _aबाळा जो जो रे.
730 _aबाळा जो जो रे.
942 _cBOOK
999 _c548957
_d548954